000 00853nam a2200241 a 4500
001 000021256
005 20200930011258.0
008 100902s1999 ve r 000 e spa d
020 _a9800102381
040 _aDO-SdBNP
_bspa
_cBNPHU
082 _axxx
_bN677c, 1999
100 1 _aNietzsche, Friedrich
_944431
240 0 _aDie fröhliche Wissenschaft. La gaya scienza.
_lespañol
245 1 3 _aLa ciencia jovial /
_cFriedrich Nietzsche; traducción, introducción, notas e índice onomástico José Jara.
246 _aLa gaya scienza.
250 _a3a ed.
260 _aCaracas :
_bMonte Ávila Editores Latinoamericana ,
_c1999.
300 _axxxviii, 297 p. ;
_c23 cm.
490 _aPensamiento Filosófico
534 _aTítulo original :
_tDie fröhliche Wissenschaft. La gaya scienza.
700 1 _aJara, José
_etr.
_944432
049 _aBNGR
999 _c20756
_d20756